Statistics for Catholic Social Teaching

Click here to take the quiz!

General Stats

  • This quiz has been taken 53 times
  • The average score is 12 of 14

Answer Stats

QuestionAnswer% Correct
People deserve respect and have worth and dignity because they...are made in God's image
96%
Taking care of the earth is...a requirement of our Catholic faith
96%
Catholics serve others...because we were created by God to love and serve
94%
Fixing the problems of the world is not something Catholics care about. We just pray so we can get to Heaven.False
94%
According to Catholic teaching, God prefers some races over others.False
94%
A just society is achieved only when the needs of the _________ are given first priority.poor
86%
Name the Catholic Social Teaching Principle: Every person is made in the image and likeness of God and is, therefore worthy of respectLife & dignity of the human person
84%
God taught the Israelites to especially protect widows, ___________, and immigrants & foreigners (Deuteronomy 10:18)orphans
84%
According to our Catholic faith, all people have a right to dignified work, fair wages, healthcare, decent living conditions, and freedom to migrate.True
84%
The roots of Catholic Social Teaching are:The Gospel
82%
Catholic principles for responding to world problems are called...Catholic Social Teaching
78%
The Catholic Church teaches the death penalty doesn't have to be used to protect people from convicted murderers and terrorists.True
76%
Name the Catholic Social Teaching Principle: family is the foundation for social life and should be strengthened and support. We are called to participate in society.Call to Family, Community, and Participation
71%
Name the Catholic Social Teaching Principle: We need to work together to solve problemsSolidarity
69%

Score Distribution

Percentile by Number Answered

Percent of People with Each Score

Your Score History

You have not taken this quiz